000 00292 a2200157 4500
001 164940
020 _a
040 _cMagnum
100 _aBairon, Sergio
240 1 0 _aMultimidia
_lpor
245 1 0 _aMultimidia
362 0 _a1899
440 1 _aGlobal
697 _aGERAL
942 _cBK
999 _c164940
_d164940